MARC details
| 000 -CABECERA |
| campo de control de longitud fija |
01161cam a2200277 a 4500 |
| 001 - NÚMERO DE CONTROL |
| campo de control |
000014454 |
| 005 - FECHA Y HORA DE LA ÚLTIMA TRANSACCIÓN |
| campo de control |
20200929163843.0 |
| 008 - DATOS DE LONGITUD FIJA--INFORMACIÓN GENERAL |
| campo de control de longitud fija |
780814s1976 mx b f000 0 spa |
| 040 ## - FUENTE DE LA CATALOGACIÓN |
| Centro catalogador/agencia de origen |
DO-SdBNP |
| Centro/agencia transcriptor |
DLC |
| Centro/agencia modificador |
DLC |
| -- |
BNPHU |
| 043 ## - CÓDIGO DE ÁREA GEOGRÁFICA |
| Código de área geográfica |
n-mx--- |
| 082 ## - NÚMERO DE LA CLASIFICACIÓN DECIMAL DEWEY |
| Número de clasificación |
306.8972 |
| Número de documento/Ítem |
A778m |
| 049 ## - FONDOS LOCALES (OCLC) |
| Fondos de biblioteca |
BNGR |
| 100 1# - ENTRADA PRINCIPAL--NOMBRE DE PERSONA |
| Nombre de persona |
Arrom, Silvia M. |
| 9 (RLIN) |
32625 |
| 245 13 - MENCIÓN DE TÍTULO |
| Título |
La mujer mexicana ante el divorcio eclesiástico (1800-1857) / |
| Mención de responsabilidad, etc. |
Silvia M. Arrom ; edición Luis Manuel Layna. |
| 260 ## - PUBLICACIÓN, DISTRIBUCIÓN, ETC. |
| Lugar de publicación, distribución, etc. |
México : |
| Nombre del editor, distribuidor, etc. |
Secretaria de Educación Pública, |
| -- |
Dirección General de Divulgación, |
| Fecha de publicación, distribución, etc. |
1976. |
| 300 ## - DESCRIPCIÓN FÍSICA |
| Extensión |
222 p. ; |
| Dimensiones |
17 cm. |
| 490 1# - MENCIÓN DE SERIE |
| Mención de serie |
SepSetentas |
| Designación de volumen o secuencia |
251 |
| 500 ## - NOTA GENERAL |
| Nota general |
"Parte de un estudio más general ... que constituye la tesis de la autora para obtener el doctorado de la Universidad de Stanford." |
| 500 ## - NOTA GENERAL |
| Nota general |
"Selecciones de juicios de divorcio": p. 63-222. |
| 504 ## - NOTA DE BIBLIOGRAFÍA, ETC. |
| Nota de bibliografía, etc. |
Incluye referencias bibliográficas y notas al pie de las páginas. |
| 650 #4 - PUNTO DE ACCESO ADICIONAL DE MATERIA--TÉRMINO DE MATERIA |
| Término de materia o nombre geográfico como elemento de entrada |
Divorcio |
| Subdivisión general |
Historia |
| Subdivisión geográfica |
México |
| 9 (RLIN) |
32626 |
| 650 #4 - PUNTO DE ACCESO ADICIONAL DE MATERIA--TÉRMINO DE MATERIA |
| Término de materia o nombre geográfico como elemento de entrada |
Mujeres |
| Subdivisión general |
Condiciones sociales |
| Subdivisión geográfica |
México |
| 9 (RLIN) |
26713 |
| 700 1# - PUNTO DE ACCESO ADICIONAL--NOMBRE DE PERSONA |
| Nombre de persona |
Layna, Luis Manuel, |
| Término indicativo de función/relación |
ed. |
| 9 (RLIN) |
32627 |
| 830 #0 - PUNTO DE ACCESO ADICIONAL DE SERIE-TÍTULO UNIFORME |
| Título uniforme |
SepSetentas ; |
| Designación de volumen o secuencia |
251 |
| 9 (RLIN) |
8937 |
| 910 ## - DATOS DE OPCIÓN DEL USUARIO (OCLC) |
| Datos de opción del usuario |
Catalogación por copia / LC |